| 000 | 00810cam a22003017 4500 | ||
|---|---|---|---|
| 001 | a3317 | ||
| 003 | DO-SdBNP | ||
| 005 | 20180208112037.0 | ||
| 007 | a3317 | ||
| 008 | 080218s1997 sp | |||| 000 spa | ||
| 015 | _a | ||
| 017 |
_a _b |
||
| 020 | _a9681903544 | ||
| 035 | _a | ||
| 040 |
_aBPMSU _bspa _cBPMSU _e |
||
| 044 |
_a _a |
||
| 080 | _a | ||
| 082 | 4 |
_a _b _2 |
|
| 245 | 0 | 0 |
_aCiencia ficción : _bantología / _cselección y prólogo de Ricardo Bernal _h |
| 250 | _a | ||
| 260 |
_aMadrid : _bAlfaguara, _c1997 _e _g(reimpresión, 2006) |
||
| 300 |
_a195 p. ; _c22 cm |
||
| 650 | 7 |
_aNovelas de ciencia ficción _vLibros infantiles _2embne |
|
| 700 | 1 | _aBernal, Ricardo | |
| 942 |
_2ddc _cBK |
||
| 945 | _ainventariado, 2018 / dg | ||
| 956 |
_aVMATEO _b10 _c20160627 _dBPMSU _f00069 |
||
| 999 |
_c10611 _d10611 |
||